| 000 | 00869cab a2200241 4500 | ||
|---|---|---|---|
| 001 | WB3513-40 | ||
| 008 | 090401t1999 xxu||||| |||| 00| 0 eng d | ||
| 035 | _a(Sirsi) u92654 | ||
| 041 | _aeng | ||
| 245 | _aNHBC cover extended | ||
| 260 | _c1999 | ||
| 350 | _a0 | ||
| 490 |
_aNegotiator _v14 (6) 1 April 1999, 2(1) |
||
| 520 | _aThe National House-Building Council (NHBC) has extended its Buildmark cover to include contaminated land. NHBC registered builders will now offer customers security against the cost of remedying such land. Legislation is expected in July which could hold landowners liable for clean-up costs if land is shown to be contaminated. | ||
| 650 | _aBUILDMARK | ||
| 650 | _aCLEAN-UP COSTS | ||
| 650 | _aCONTAMINATED LAND | ||
| 650 | _aNHBC | ||
| 650 | _aNHBC | ||
| 690 | _aHOUSING-DEVELOPMENT | ||
| 942 | _n0 | ||
| 948 | _c08/04/1999 | ||
| 999 |
_c58725 _d58725 |
||